000 00646nam a2200253Ia 4500
001 8745
005 20240113234131.0
007 ta
008 050722s1981 a g b000 u eng u
020 _cPB
040 _aCotton College Assam
041 _aeng
082 _a572
_bDe 27 Hu
100 _aDavis, Kingsley.
245 0 _aHuman Society /
_cKingsley Davis.
_hTextual Documents
250 _a1st ed /
260 _aDelhi :
_bSurjeet Publications ,
_c1981.
300 _a655p. :
_bill. ;
_c21cm. .
504 _aIndex
653 _aAnthropology-Human Society
942 _2ddc
_cBK
999 _c8732
_d8732